[Event "Oberliga Baden 2223"]
[Site "Germany"]
[Date "2022.10.09"]
[Round "2.1"]
[White "Milov, Vadim"]
[Black "Baramidze, David"]
[Result "1/2-1/2"]
[WhiteElo "2609"]
[BlackElo "2609"]
[PlyCount "51"]
[EventDate "2022.09.18"]
[EventType "team-tourn"]
[EventRounds "9"]
[EventCountry "GER"]
[SourceTitle "EXT 2024"]
[Source "ChessBase"]
[SourceDate "2023.10.10"]
[SourceVersion "1"]
[SourceVersionDate "2023.10.10"]
[SourceQuality "1"]
[WhiteTeam "Baden-Baden III"]
[BlackTeam "Hockenheim"]
[WhiteTeamCountry "GER"]
[BlackTeamCountry "GER"]

1. d4 Nf6 2. c4 g6 3. Nc3 d5 4. cxd5 Nxd5 5. e4 Nxc3 6. bxc3 Bg7 7. Bc4 c5 8. Ne2 Nc6 9. Be3 0-0 10. 0-0 Na5 11. Bd3 b6 12. Qd2 e5 13. Bg5 f6 14. Bh4 cxd4 15. cxd4 exd4 16. f4 Be6 17. f5 Bf7 18. fxg6 hxg6 19. e5 g5 20. exf6 Bxf6 21. Rxf6 Qxf6 22. Bxg5 Qe5 23. Bf4 Qf6 24. Bg5 Qe5 25. Bf4 Qf6 26. Bg5 1/2-1/2

[Event "Oberliga Baden 2122"]
[Site "Germany"]
[Date "2022.06.18"]
[Round "6.1"]
[White "Korpa, Bence"]
[Black "Baramidze, David"]
[Result "0-1"]
[WhiteElo "2517"]
[BlackElo "2601"]
[PlyCount "58"]
[EventDate "2021.10.10"]
[EventType "team-tourn"]
[EventRounds "11"]
[EventCountry "GER"]
[SourceTitle "EXT 2023"]
[Source "ChessBase"]
[SourceDate "2022.10.05"]
[SourceVersion "1"]
[SourceVersionDate "2022.10.05"]
[SourceQuality "1"]
[WhiteTeam "Emmendingen"]
[BlackTeam "Hockenheim"]
[WhiteTeamCountry "GER"]
[BlackTeamCountry "GER"]

1. c4 Nf6 2. Nc3 d5 3. cxd5 Nxd5 4. e4 Nxc3 5. bxc3 c5 6. Bc4 Nc6 7. f4 Qc7 8. Nf3 e6 9. 0-0 Be7 10. Qe2 a6 11. d4 b5 12. Bd3 cxd4 13. cxd4 Nb4 14. Bb1 0-0 15. Bb2 Bb7 16. a3 Nc6 17. d5 Na5 18. Kh1 Nc4 19. Nd4 exd5 20. Nf5 f6 21. exd5 Bc5 22. Bc3 Rad8 23. Qh5 g6 24. Qg5 Rxd5 25. Bxf6 Rxf6 26. Qxf6 gxf5 27. Re1 Qg7 28. Re8+ Bf8 29. Qe6+ Kh8 0-1

[Event "Oberliga Baden 2122"]
[Site "Germany"]
[Date "2022.05.14"]
[Round "5.1"]
[White "Abergel, Thal"]
[Black "Baramidze, David"]
[Result "0-1"]
[WhiteElo "2387"]
[BlackElo "2601"]
[PlyCount "78"]
[EventDate "2021.10.10"]
[EventType "team-tourn"]
[EventRounds "11"]
[EventCountry "GER"]
[SourceTitle "EXT 2023"]
[Source "ChessBase"]
[SourceDate "2022.10.05"]
[SourceVersion "1"]
[SourceVersionDate "2022.10.05"]
[SourceQuality "1"]
[WhiteTeam "Viernheim II"]
[BlackTeam "Hockenheim"]
[WhiteTeamCountry "GER"]
[BlackTeamCountry "GER"]

1. d4 Nf6 2. c4 g6 3. h4 c6 4. Nc3 d5 5. cxd5 cxd5 6. e3 Nc6 7. Be2 Bf5 8. g4 Be6 9. f3 Qd6 10. Bd2 Bg7 11. Qb3 0-0 12. 0-0-0 Na5 13. Qa4 b6 14. Nh3 Rfc8 15. Kb1 Bd7 16. Qc2 b5 17. Bxb5 Bxb5 18. Nxb5 Qg3 19. Qd3 Nc4 20. g5 Rab8 21. gxf6 Rxb5 22. fxg7 Rxb2+ 23. Ka1 Qd6 24. Bc1 Qb6 25. Rd2 Rxd2 26. Qb3 Qa5 27. Bxd2 Qxd2 28. Rd1 Qxe3 29. Qxe3 Nxe3 30. Rd3 Nf5 31. h5 Kxg7 32. hxg6 hxg6 33. Nf4 e6 34. Kb2 Rh8 35. Ra3 Nxd4 36. Rxa7 Rh2+ 37. Kb1 g5 38. Nd3 Nxf3 39. a4 g4 0-1

[Event "Bundesliga 1920"]
[Site "Germany"]
[Date "2020.02.23"]
[Round "8.7"]
[White "Baramidze, David"]
[Black "Lindgren, Philip"]
[Result "1-0"]
[WhiteElo "2593"]
[BlackElo "2353"]
[PlyCount "99"]
[EventDate "2019.11.23"]
[EventType "team-tourn"]
[EventRounds "15"]
[EventCountry "GER"]
[SourceTitle "CBM 195 Extra"]
[Source "ChessBase"]
[SourceDate "2020.05.31"]
[SourceVersion "1"]
[SourceVersionDate "2020.05.31"]
[SourceQuality "1"]
[WhiteTeam "Hockenheim"]
[BlackTeam "Bayern Muenchen"]
[WhiteTeamCountry "GER"]
[BlackTeamCountry "GER"]

1. e4 e5 2. Nf3 Nc6 3. Bc4 Bc5 4. 0-0 Nf6 5. d3 d6 6. c3 a6 7. a4 Ba7 8. Re1 0-0 9. h3 h6 10. Nbd2 Ne7 11. Nf1 Ng6 12. Ng3 c6 13. Bb3 Re8 14. d4 Be6 15. Bc2 Qc7 16. Be3 Kh7 17. a5 Rad8 18. Qe2 Qb8 19. Rad1 Bc8 20. Qd2 Qc7 21. b4 b6 22. axb6 Bxb6 23. dxe5 dxe5 24. Bxb6 Qxb6 25. Qe3 Qxe3 26. fxe3 Be6 27. Bd3 c5 28. Bxa6 cxb4 29. cxb4 Rb8 30. Rb1 Rb6 31. Bf1 Reb8 32. b5 Bd7 33. Rb4 Ne8 34. Nf5 Nc7 35. h4 f6 36. Reb1 Nxb5 37. Nd2 R6b7 38. Bc4 Nf8 39. Bd5 Rc7 40. Nd6 Rc5 41. Rc4 Rxc4 42. N2xc4 Ng6 43. Na3 Nxd6 44. Rxb8 Nxh4 45. Rd8 Nb5 46. Bg8+ Kg6 47. Rxd7 Nxa3 48. Kf2 Kh5 49. Rxg7 Nc2 50. g4# 1-0

[Event "Bundesliga 1819"]
[Site "Germany"]
[Date "2019.03.10"]
[Round "13.6"]
[White "Hoffmann, Paul"]
[Black "Baramidze, David"]
[Result "1/2-1/2"]
[WhiteElo "2376"]
[BlackElo "2614"]
[PlyCount "74"]
[EventDate "2018.11.10"]
[EventType "team-tourn"]
[EventRounds "15"]
[EventCountry "GER"]
[SourceTitle "CBM 189 Extra"]
[Source "ChessBase"]
[SourceDate "2019.05.31"]
[SourceVersion "1"]
[SourceVersionDate "2019.05.31"]
[SourceQuality "1"]
[WhiteTeam "Dresden TU"]
[BlackTeam "Hockenheim"]
[WhiteTeamCountry "GER"]
[BlackTeamCountry "GER"]

1. e4 e5 2. Nf3 Nc6 3. Bc4 Nf6 4. d3 h6 5. 0-0 d6 6. c3 g5 7. b4 Bg7 8. Qb3 0-0 9. Bb2 Ne7 10. Re1 Ng6 11. d4 Nh5 12. g3 Kh8 13. dxe5 g4 14. Nd4 Nxe5 15. Nd2 c5 16. bxc5 dxc5 17. Rad1 cxd4 18. cxd4 Nxc4 19. Nxc4 Nf6 20. Ba3 Nh7 21. Bxf8 Qxf8 22. h4 gxh3 23. f4 Bg4 24. e5 Bxd1 25. Rxd1 Rd8 26. Kh2 Qe7 27. d5 Nf8 28. Na5 Qc5 29. Nxb7 Qf2+ 30. Kxh3 Rb8 31. d6 Qe2 32. d7 Nxd7 33. Rxd7 Qf1+ 34. Kh2 Qf2+ 35. Kh3 Qf1+ 36. Kh2 Qf2+ 37. Kh3 Qf1+ 1/2-1/2

[Event "Bundesliga 1819"]
[Site "Germany"]
[Date "2019.02.03"]
[Round "8.6"]
[White "Baramidze, David"]
[Black "Pakleza, Zbigniew"]
[Result "1-0"]
[WhiteElo "2614"]
[BlackElo "2508"]
[PlyCount "51"]
[EventDate "2018.11.10"]
[EventType "team-tourn"]
[EventRounds "15"]
[EventCountry "GER"]
[SourceTitle "CBM 188 Extra"]
[Source "ChessBase"]
[SourceDate "2019.02.28"]
[SourceVersion "1"]
[SourceVersionDate "2019.02.28"]
[SourceQuality "1"]
[WhiteTeam "Hockenheim"]
[BlackTeam "Kiel Turm"]
[WhiteTeamCountry "GER"]
[BlackTeamCountry "GER"]

1. e4 d5 2. exd5 Nf6 3. d4 Nxd5 4. Nf3 Bg4 5. c4 Nb6 6. c5 N6d7 7. Be2 e6 8. Qb3 b6 9. 0-0 Be7 10. Rd1 0-0 11. Nc3 c6 12. Bf4 Nf6 13. Rac1 b5 14. a4 a6 15. Qa3 Nd5 16. Nxd5 Qxd5 17. h3 Bf5 18. axb5 cxb5 19. Qe3 Nc6 20. Ne5 Be4 21. f3 Bg6 22. Nxc6 Qxc6 23. d5 exd5 24. Qxe7 Rfe8 25. Qd6 Qxd6 26. cxd6 1-0

[Event "Bundesliga 1718"]
[Site "Germany"]
[Date "2018.05.01"]
[Round "15.6"]
[White "Baramidze, David"]
[Black "Commercon, Simon"]
[Result "1-0"]
[WhiteElo "2610"]
[BlackElo "2255"]
[PlyCount "103"]
[EventDate "2017.10.21"]
[EventType "team-tourn"]
[EventRounds "15"]
[EventCountry "GER"]
[SourceTitle "CBM 184"]
[Source "ChessBase"]
[SourceDate "2018.05.16"]
[SourceVersion "1"]
[SourceVersionDate "2018.05.16"]
[SourceQuality "1"]
[WhiteTeam "Hockenheim"]
[BlackTeam "Speyer Schwegenheim"]
[WhiteTeamCountry "GER"]
[BlackTeamCountry "GER"]

1. e4 e5 2. Nf3 Nf6 3. Nxe5 d6 4. Nf3 Nxe4 5. Nc3 Nxc3 6. dxc3 Be7 7. Be3 c6 8. c4 Nd7 9. Be2 0-0 10. 0-0 Nf6 11. Qd3 d5 12. Rad1 Qa5 13. cxd5 Qxd5 14. Qc4 Qxc4 15. Bxc4 Bg4 16. a4 Bxf3 17. gxf3 Rfd8 18. a5 a6 19. Bb6 Rd7 20. Rfe1 Kf8 21. Kg2 Re8 22. c3 Bd6 23. Be3 Be7 24. Bb6 Bd6 25. Re3 Rxe3 26. fxe3 Be7 27. Rxd7 Nxd7 28. Bc7 Bf6 29. Bd6+ Be7 30. Bg3 Bf6 31. Kf1 Ke7 32. Ke2 Be5 33. Bh4+ f6 34. f4 Bc7 35. b4 h6 36. Bd3 c5 37. Be1 b6 38. b5 axb5 39. a6 Bb8 40. Bxb5 Ba7 41. Kd3 f5 42. e4 fxe4+ 43. Kxe4 Nf6+ 44. Kf5 Nd5 45. c4 Nc7 46. Kg6 Ne6 47. f5 Nd4 48. Bg3 Kf8 49. Be5 Kg8 50. Bxg7 Nxf5 51. Kxf5 Kxg7 52. Ke6 1-0

[Event "Oberliga Baden 1718"]
[Site "Baden"]
[Date "2017.10.08"]
[Round "1.1"]
[White "Baramidze, David"]
[Black "Bogner, Sebastian"]
[Result "1/2-1/2"]
[WhiteElo "2610"]
[BlackElo "2594"]
[PlyCount "38"]
[EventDate "2017.10.08"]
[EventType "team-tourn"]
[EventRounds "9"]
[EventCountry "GER"]
[SourceTitle "EXT 2019"]
[Source "ChessBase"]
[SourceDate "2018.10.10"]
[SourceVersion "1"]
[SourceVersionDate "2018.10.10"]
[SourceQuality "1"]
[WhiteTeam "Hockenheim II"]
[BlackTeam "Dreilaendereck"]
[WhiteTeamCountry "GER"]
[BlackTeamCountry "GER"]

1. e4 e5 2. Nf3 Nf6 3. Nc3 Nc6 4. Bb5 Nd4 5. Bc4 Bc5 6. d3 d6 7. h3 Be6 8. Nxd4 Bxd4 9. Bxe6 fxe6 10. Ne2 Bb6 11. Ng3 0-0 12. Qe2 Qe8 13. h4 Qg6 14. Rh3 Ng4 15. h5 Qf6 16. f3 Nf2 17. Rh2 Ng4 18. Rh3 Nf2 19. Rh2 Ng4 1/2-1/2

[Event "Bundesliga 1617"]
[Site "Germany"]
[Date "2017.05.01"]
[Round "15.7"]
[White "Baramidze, David"]
[Black "Loxine, Jakov"]
[Result "1-0"]
[WhiteElo "2601"]
[BlackElo "2409"]
[PlyCount "129"]
[EventDate "2016.10.15"]
[EventType "team-tourn"]
[EventRounds "15"]
[EventCountry "GER"]
[SourceTitle "CBM 178"]
[Source "ChessBase"]
[SourceDate "2017.05.14"]
[SourceVersion "1"]
[SourceVersionDate "2017.05.14"]
[SourceQuality "1"]
[WhiteTeam "Hockenheim"]
[BlackTeam "Dresden"]
[WhiteTeamCountry "GER"]
[BlackTeamCountry "GER"]

1. d4 Nf6 2. Nf3 g6 3. Nc3 d5 4. Bf4 Bg7 5. e3 0-0 6. Be2 a6 7. Ne5 b5 8. a4 b4 9. Na2 a5 10. Nc1 Ne4 11. 0-0 f6 12. Ned3 Nd7 13. f3 Nd6 14. e4 dxe4 15. Nc5 Nb6 16. fxe4 e5 17. dxe5 fxe5 18. Bg3 Rxf1+ 19. Qxf1 Qe7 20. b3 Bd7 21. N1d3 Bc6 22. Bf3 Re8 23. Rd1 h5 24. Qe1 Kh8 25. h3 Kg8 26. Kh1 Ba8 27. Bf2 Nbc8 28. c3 bxc3 29. Qxc3 Na7 30. Qxa5 Nc6 31. Qe1 Nd4 32. Bxd4 exd4 33. Qg3 Kh7 34. a5 Nf7 35. a6 Ne5 36. b4 Bc6 37. Ra1 Qd6 38. Nb7 Bxb7 39. axb7 Rb8 40. Nc5 Qb6 41. Ra8 Rxb7 42. Nxb7 Qxb7 43. Re8 Qb5 44. Re7 Kh8 45. Bxh5 Qf1+ 46. Kh2 Qf6 47. Re8+ Kh7 48. Rxe5 Qxe5 49. Bxg6+ Kh6 50. Bf5 d3 51. Qxe5 Bxe5+ 52. g3 d2 53. Bg4 Kg5 54. b5 Bd4 55. Bd1 Be5 56. h4+ Kg6 57. Kh3 Kf6 58. g4 Bf4 59. g5+ Ke5 60. Kg4 Be3 61. h5 Kxe4 62. h6 Kd5 63. Kh5 Ke6 64. g6 Bd4 65. g7 1-0

[Event "Bundesliga 1617"]
[Site "Germany"]
[Date "2016.12.03"]
[Round "5.3"]
[White "Baramidze, David"]
[Black "Naiditsch, Arkadij"]
[Result "0-1"]
[WhiteElo "2601"]
[BlackElo "2684"]
[PlyCount "62"]
[EventDate "2016.10.15"]
[EventType "team-tourn"]
[EventRounds "15"]
[EventCountry "GER"]
[SourceTitle "CBM 176"]
[Source "ChessBase"]
[SourceDate "2017.01.17"]
[SourceVersion "1"]
[SourceVersionDate "2017.01.17"]
[SourceQuality "1"]
[WhiteTeam "Hockenheim"]
[BlackTeam "Baden-Baden"]
[WhiteTeamCountry "GER"]
[BlackTeamCountry "GER"]

1. e4 c5 2. Nf3 Nc6 3. d4 cxd4 4. Nxd4 Qb6 5. Nb3 Nf6 6. Nc3 e6 7. Qe2 Bb4 8. Bd2 a5 9. a3 Bxc3 10. Bxc3 e5 11. 0-0-0 0-0 12. Kb1 Rd8 13. f3 a4 14. Nc1 d5 15. Qb5 Qc7 16. exd5 Bf5 17. Bc4 Nd4 18. Bxd4 exd4 19. Rxd4 Ra5 20. Qb4 Raxd5 21. Rxd5 Nxd5 22. Qxa4 Nb6 23. Qa5 Bxc2+ 24. Kxc2 Rd5 25. Re1 h5 26. Re8+ Kh7 27. Qe1 Nxc4 28. Kb1 Nd2+ 29. Ka1 Qc2 30. Ne2 Nb3+ 31. Ka2 Rd1 0-1

[Event "Bundesliga 1617"]
[Site "Germany"]
[Date "2016.10.16"]
[Round "2.6"]
[White "Baramidze, David"]
[Black "Nyback, Tomi"]
[Result "1-0"]
[WhiteElo "2601"]
[BlackElo "2572"]
[PlyCount "103"]
[EventDate "2016.10.15"]
[EventType "team-tourn"]
[EventRounds "15"]
[EventCountry "GER"]
[SourceTitle "EXT 2017"]
[Source "ChessBase"]
[SourceDate "2016.10.25"]
[SourceVersion "1"]
[SourceVersionDate "2016.10.25"]
[SourceQuality "1"]
[WhiteTeam "Hockenheim"]
[BlackTeam "Werder Bremen"]
[WhiteTeamCountry "GER"]
[BlackTeamCountry "GER"]

1. d4 Nf6 2. c4 g6 3. Nc3 d5 4. cxd5 Nxd5 5. e4 Nxc3 6. bxc3 Bg7 7. Nf3 c5 8. Be3 Qa5 9. Qd2 0-0 10. Rc1 cxd4 11. cxd4 Qxd2+ 12. Bxd2 e6 13. Bb5 Bd7 14. Bxd7 Nxd7 15. Rc7 Nf6 16. e5 Nd5 17. Rxb7 Rfb8 18. Rxb8+ Rxb8 19. 0-0 Rb2 20. a4 Bf8 21. Rc1 Kg7 22. h4 Bb4 23. Bxb4 Rxb4 24. a5 Ra4 25. Rc5 h6 26. g3 Ra2 27. Kf1 Nb4 28. Ne1 Ra1 29. Ke2 Ra2+ 30. Kf3 Ra3+ 31. Ke2 Ra2+ 32. Kf3 Ra3+ 33. Ke4 a6 34. Ng2 Ra2 35. Nf4 Rxf2 36. Rc7 Kf8 37. Rc4 Rb2 38. Rc8+ Kg7 39. Rb8 Rb3 40. g4 Rb2 41. Rb6 Rb3 42. d5 exd5+ 43. Nxd5 Nd3 44. Kd4 Ra3 45. Rxa6 Nf2 46. Ra7 Ra4+ 47. Kc5 Ne4+ 48. Kb6 Rd4 49. Rd7 Nc3 50. Kc5 Rd1 51. e6 Nxd5 52. e7 1-0

[Event "Kiel op-A 29th"]
[Site "Kiel"]
[Date "2016.08.04"]
[Round "8"]
[White "Baramidze, David"]
[Black "Fries Nielsen, Jens Ove"]
[Result "1-0"]
[WhiteElo "2594"]
[BlackElo "2359"]
[PlyCount "61"]
[EventDate "2016.07.30"]
[EventType "swiss"]
[EventRounds "9"]
[EventCountry "GER"]
[SourceTitle "EXT 2017"]
[Source "ChessBase"]
[SourceDate "2016.10.25"]
[SourceVersion "1"]
[SourceVersionDate "2016.10.25"]
[SourceQuality "1"]

1. e4 e6 2. d4 d5 3. Nc3 Nf6 4. e5 Ng8 5. Bd3 b6 6. Nce2 Ba6 7. Bxa6 Nxa6 8. Nf3 Qd7 9. 0-0 Ne7 10. c3 c5 11. Ng3 Rc8 12. Nh5 h6 13. Nh4 Ng8 14. Qg4 g6 15. Nf6+ Nxf6 16. exf6 Bd6 17. Nf3 cxd4 18. cxd4 Qc7 19. Bd2 Qb8 20. a3 Kd7 21. b4 Rc4 22. b5 Nc7 23. Rfc1 Ne8 24. Qh4 Qc7 25. Rxc4 Qxc4 26. Rc1 Qxb5 27. Bb4 g5 28. Nxg5 Bxb4 29. Nxf7 Bxa3 30. Ne5+ Kd6 31. f7 1-0

[Event "Kiel op-A 29th"]
[Site "Kiel"]
[Date "2016.08.02"]
[Round "6"]
[White "Baramidze, David"]
[Black "Jahncke, Giso"]
[Result "1-0"]
[WhiteElo "2594"]
[BlackElo "2332"]
[PlyCount "61"]
[EventDate "2016.07.30"]
[EventType "swiss"]
[EventRounds "9"]
[EventCountry "GER"]
[SourceTitle "CBM 173 Extra"]
[Source "ChessBase"]
[SourceDate "2016.08.29"]
[SourceVersion "1"]
[SourceVersionDate "2016.08.29"]
[SourceQuality "1"]

1. Nf3 d5 2. c4 c6 3. e3 Nf6 4. Nc3 e6 5. d4 Nbd7 6. b3 Bb4 7. Bd2 Bd6 8. Qc2 0-0 9. Bd3 e5 10. cxd5 cxd5 11. Nb5 Bb8 12. dxe5 Nxe5 13. Nxe5 Bxe5 14. Bc3 Bxc3+ 15. Qxc3 Bd7 16. Nd4 Qb6 17. 0-0 Rac8 18. Qb2 Rc5 19. Rac1 Rfc8 20. Rxc5 Rxc5 21. Rd1 a5 22. Ne2 Bg4 23. f3 Bh5 24. Qe5 Rc8 25. Nf4 Re8 26. Nxd5 Rxe5 27. Nxb6 Bg6 28. e4 Rc5 29. Bc4 h5 30. Rd8+ Kh7 31. Rb8 1-0

[Event "Kiel op-A 29th"]
[Site "Kiel"]
[Date "2016.07.31"]
[Round "4"]
[White "Baramidze, David"]
[Black "Braun, Arik"]
[Result "1/2-1/2"]
[WhiteElo "2594"]
[BlackElo "2569"]
[PlyCount "28"]
[EventDate "2016.07.30"]
[EventType "swiss"]
[EventRounds "9"]
[EventCountry "GER"]
[SourceTitle "CBM 173 Extra"]
[Source "ChessBase"]
[SourceDate "2016.08.29"]
[SourceVersion "1"]
[SourceVersionDate "2016.08.29"]
[SourceQuality "1"]

1. d4 d5 2. c4 e6 3. Nf3 Nf6 4. g3 Bb4+ 5. Bd2 Be7 6. Bg2 0-0 7. 0-0 Nbd7 8. Qc2 c6 9. Rd1 b6 10. Bf4 Bb7 11. Nc3 dxc4 12. Nd2 Nd5 13. Nxc4 Nxf4 14. gxf4 Qc7 1/2-1/2

[Event "Bundesliga 1516"]
[Site "Germany"]
[Date "2016.04.24"]
[Round "15.5"]
[White "Gonda, Laszlo"]
[Black "Baramidze, David"]
[Result "1/2-1/2"]
[WhiteElo "2547"]
[BlackElo "2604"]
[PlyCount "90"]
[EventDate "2015.09.18"]
[EventType "team-tourn"]
[EventRounds "15"]
[EventCountry "GER"]
[SourceTitle "CBM 172"]
[Source "ChessBase"]
[SourceDate "2016.05.12"]
[SourceVersion "1"]
[SourceVersionDate "2016.05.12"]
[SourceQuality "1"]
[WhiteTeam "Trier"]
[BlackTeam "Hockenheim"]
[WhiteTeamCountry "GER"]
[BlackTeamCountry "GER"]

1. d4 Nf6 2. c4 g6 3. f3 d5 4. cxd5 Nxd5 5. e4 Nb6 6. Nc3 Bg7 7. Be3 0-0 8. Qd2 Nc6 9. 0-0-0 Qd6 10. Kb1 Rd8 11. Nb5 Qd7 12. d5 a6 13. Nc3 Ne5 14. Bd4 Nec4 15. Qc1 Bxd4 16. Rxd4 Nd6 17. h4 e5 18. Rd2 c6 19. h5 cxd5 20. Rxd5 Qe7 21. Qe3 Ndc4 22. Bxc4 Nxc4 23. Qd3 Nd6 24. hxg6 fxg6 25. Qe2 Be6 26. Rd1 Nb5 27. Nd5 Bxd5 28. exd5 Rac8 29. Nh3 Qb4 30. Ka1 Nd4 31. Qxe5 Nc2+ 32. Kb1 Na3+ 33. Ka1 Nc2+ 34. Kb1 Re8 35. Qf4 Na3+ 36. Ka1 Nc2+ 37. Kb1 Na3+ 38. Ka1 Rc4 39. Qd2 Nc2+ 40. Kb1 Na3+ 41. Ka1 Nc2+ 42. Kb1 Qb6 43. d6 Na3+ 44. Ka1 Nc2+ 45. Kb1 Na3+ 1/2-1/2

[Event "Bundesliga 1516"]
[Site "Germany"]
[Date "2016.03.13"]
[Round "11.7"]
[White "Baramidze, David"]
[Black "Maiwald, Jens Uwe"]
[Result "1/2-1/2"]
[WhiteElo "2604"]
[BlackElo "2452"]
[PlyCount "113"]
[EventDate "2015.09.18"]
[EventType "team-tourn"]
[EventRounds "15"]
[EventCountry "GER"]
[SourceTitle "CBM 172"]
[Source "ChessBase"]
[SourceDate "2016.05.12"]
[SourceVersion "1"]
[SourceVersionDate "2016.05.12"]
[SourceQuality "1"]
[WhiteTeam "Hockenheim"]
[BlackTeam "Dresden TU"]
[WhiteTeamCountry "GER"]
[BlackTeamCountry "GER"]

1. e4 d6 2. d4 Nf6 3. Nc3 g6 4. Be3 a6 5. f3 Nbd7 6. Qd2 b5 7. g4 h6 8. Nge2 Bb7 9. h4 Nb6 10. Ng3 e6 11. 0-0-0 b4 12. Nb1 a5 13. Bb5+ c6 14. Bd3 Qc7 15. Qf2 Nfd7 16. h5 g5 17. f4 gxf4 18. Qxf4 Be7 19. Rhf1 Bf6 20. Nd2 0-0-0 21. Nf3 Rdg8 22. Kb1 c5 23. dxc5 dxc5 24. Qxc7+ Kxc7 25. Nh2 Be5 26. Rf3 Bc6 27. Rg1 Rg7 28. Rff1 a4 29. Nf3 Rxg4 30. Nxe5 Nxe5 31. Bxc5 b3 32. Bd4 Nbd7 33. axb3 axb3 34. Ne2 Rhg8 35. Nc1 Rxg1 36. Rxg1 Rxg1 37. Bxg1 Nxd3 38. cxd3 Bb5 39. Be3 Nf6 40. Bf4+ Kc6 41. Bxh6 Nxh5 42. Ka1 e5 43. Nxb3 Bxd3 44. Nd2 Kd6 45. b4 Ng3 46. Be3 Nxe4 47. Nxe4+ Bxe4 48. Kb2 f5 49. Kc3 f4 50. Bc1 Bf5 51. Kd2 Kd5 52. Ke2 Bg4+ 53. Kf2 Kc4 54. b5 Kd3 55. b6 Bc8 56. Bxf4 exf4 57. Kf3 1/2-1/2

[Event "Bundesliga 1516"]
[Site "Germany"]
[Date "2016.03.12"]
[Round "10.8"]
[White "Piorun, Kacper"]
[Black "Baramidze, David"]
[Result "1/2-1/2"]
[WhiteElo "2591"]
[BlackElo "2604"]
[PlyCount "100"]
[EventDate "2015.09.18"]
[EventType "team-tourn"]
[EventRounds "15"]
[EventCountry "GER"]
[SourceTitle "CBM 172"]
[Source "ChessBase"]
[SourceDate "2016.05.12"]
[SourceVersion "1"]
[SourceVersionDate "2016.05.12"]
[SourceQuality "1"]
[WhiteTeam "Berlin SF"]
[BlackTeam "Hockenheim"]
[WhiteTeamCountry "GER"]
[BlackTeamCountry "GER"]

1. c4 e6 2. e4 d5 3. exd5 exd5 4. d4 Nf6 5. Nf3 Be7 6. Nc3 0-0 7. Be2 dxc4 8. Bxc4 Bg4 9. 0-0 Nc6 10. Be3 Qd7 11. Re1 Rad8 12. h3 Bh5 13. Be2 Nd5 14. Nxd5 Qxd5 15. Qa4 a6 16. Rac1 Rfe8 17. a3 Bd6 18. g4 Bg6 19. Nh4 b5 20. Qd1 Be4 21. f3 Bg6 22. Bf2 Bf4 23. Rc5 Qd6 24. Ng2 Nxd4 25. Qxd4 Qxd4 26. Bxd4 Bd2 27. Rd1 Rxe2 28. Bc3 Rd7 29. Rc6 h6 30. Rxa6 Bc2 31. Rxd2 Rexd2 32. Bxd2 Rxd2 33. Rc6 Bd1 34. Ne1 Rxb2 35. Rxc7 Rb3 36. Rb7 Bxf3 37. Nxf3 Rxf3 38. Kg2 Rb3 39. Ra7 g6 40. Ra5 Kg7 41. a4 b4 42. Rb5 Kf6 43. a5 Ra3 44. Rxb4 Kg5 45. Rb7 f6 46. Rb6 Rxa5 47. Kg3 Ra3+ 48. Kg2 f5 49. gxf5 gxf5 50. h4+ Kxh4 1/2-1/2

[Event "Bundesliga 1516"]
[Site "Germany"]
[Date "2016.02.21"]
[Round "9.5"]
[White "Baramidze, David"]
[Black "Bai, Jinshi"]
[Result "1/2-1/2"]
[WhiteElo "2604"]
[BlackElo "2519"]
[PlyCount "81"]
[EventDate "2015.09.18"]
[EventType "team-tourn"]
[EventRounds "15"]
[EventCountry "GER"]
[SourceTitle "CBM 171"]
[Source "ChessBase"]
[SourceDate "2016.03.14"]
[SourceVersion "2"]
[SourceVersionDate "2016.03.14"]
[SourceQuality "1"]
[WhiteTeam "Hockenheim"]
[BlackTeam "Schwaebisch Hall"]
[WhiteTeamCountry "GER"]
[BlackTeamCountry "GER"]

1. d4 Nf6 2. c4 g6 3. Nc3 d5 4. cxd5 Nxd5 5. e4 Nxc3 6. bxc3 Bg7 7. Nf3 c5 8. Rb1 0-0 9. Be2 Nc6 10. d5 Ne5 11. Nxe5 Bxe5 12. Qd2 e6 13. f4 Bg7 14. c4 exd5 15. cxd5 Bd4 16. Bb2 Qb6 17. Bd3 c4 18. Bxc4 Re8 19. Qxd4 Qxd4 20. Bxd4 Rxe4+ 21. Kd2 Rxd4+ 22. Kc3 Rxf4 23. d6 Be6 24. Bxe6 fxe6 25. Rxb7 Rf7 26. Rhb1 Rd8 27. Rxf7 Kxf7 28. Rb7+ Kf6 29. Rxh7 Rxd6 30. Rxa7 Rd1 31. Ra4 e5 32. h4 Rh1 33. Rg4 Kf5 34. Rg5+ Kf6 35. Rg4 Kf5 36. Rb4 e4 37. a4 Rd1 38. Rb2 e3 39. a5 Ra1 40. Kd3 Rxa5 41. Kxe3 1/2-1/2